LIBRARY & INFORMATION CENTRE, KCAET, TAVANUR

ONLINE PUBLIC ACCESS CATALOGUE (OPAC)

Post-harvest technology of fish and fish products (Record no. 13690)

MARC details
000 -LEADER
fixed length control field 00307nam a22001217a 4500
020 ## - INTERNATIONAL STANDARD BOOK NUMBER
ISBN 9788170352372
082 ## - DEWEY DECIMAL CLASSIFICATION NUMBER
Classification number 664
Item number BAL/PO
100 ## - MAIN ENTRY--AUTHOR NAME
Personal name Balachandran, K.K
245 ## - TITLE STATEMENT
Title Post-harvest technology of fish and fish products
260 ## - PUBLICATION, DISTRIBUTION, ETC. (IMPRINT)
Place of publication New Delhi
Name of publisher Daya Publishing House
Year of publication 2012
300 ## - PHYSICAL DESCRIPTION
Number of Pages 440
942 ## - ADDED ENTRY ELEMENTS (KOHA)
Koha item type Books
Holdings
Withdrawn status Lost status Damaged status Collection code Home library Current library Shelving location Date acquired Source of acquisition Cost, normal purchase price Full call number Accession Number Koha item type
      Non-fiction KAUAET KAUAET General Stacks 31/03/2012 Cosmo Books, Calicut 895.00 664 BAL/PO 22953 Books
      Non-fiction KAUAET KAUAET General Stacks 31/03/2012 Penta Book Distributors, Calicut 895.00 664 BAL/PO 23337 Books
free website counter